| 000 | 00682nam a2200253Ia 4500 | ||
|---|---|---|---|
| 003 | OSt | ||
| 005 | 20220918214209.0 | ||
| 006 | a|||||r|||| 00| 0 | ||
| 007 | ta | ||
| 008 | 220917b |||||||| |||| 00| 0 eng d | ||
| 024 | _a136,243 | ||
| 037 | _cTextual | ||
| 040 |
_aARTS _cARTS _beng |
||
| 041 |
_2eng _aeng |
||
| 082 | _aX:8E, M1 | ||
| 100 |
_aSweeny H W Allen Ed. _9130166 |
||
| 245 | 0 | _aHandbook of budgeting | |
| 260 |
_aNew York _bJohn Wiley _c1981 |
||
| 300 |
_axii,778p. _ccm. |
||
| 650 | _aECONOMICS | ||
| 700 |
_a Rachlin Robert Ed. _9130167 |
||
| 942 |
_hX:8E, M1 _cTEXL _2CC |
||
| 999 |
_c259333 _d259333 |
||